ბათუმის შოთა რუსთაველის სახელმწიფო უნივერსიტეტის ბიბლიოთეკა

ლიტერატურის თეორია (ქსეროასლი) (ბიბ.ჩანაწერი № 47301)

000 -LEADER
fixed length control field 00877nam a2200241Ia 4500
001 - CONTROL NUMBER
control field 14162
003 - CONTROL NUMBER IDENTIFIER
control field GE_BSU
008 - FIXED-LENGTH DATA ELEMENTS--GENERAL INFORMATION
fixed length control field 181216s||||||||xx |||||||||||||| ||und||
020 ## - INTERNATIONAL STANDARD BOOK NUMBER
International Standard Book Number 9789941003554
040 ## - CATALOGING SOURCE
Transcribing agency GE_BSU
080 ## - UNIVERSAL DECIMAL CLASSIFICATION NUMBER
Universal Decimal Classification number 821.153.1
245 ## - TITLE STATEMENT
Title ლიტერატურის თეორია (ქსეროასლი)
245 ## - TITLE STATEMENT
Remainder of title 20 საუკუნის ძირითადი მეთოდოლოგიური კონცეპციები და მიმდინარეობები
245 ## - TITLE STATEMENT
Statement of responsibility, etc. რედ.თ.დოიაშვილი
260 ## - PUBLICATION, DISTRIBUTION, ETC.
Place of publication, distribution, etc. თბილისი
260 ## - PUBLICATION, DISTRIBUTION, ETC.
Name of publisher, distributor, etc. ლიტ. ინს-ტის გამ-ბა
260 ## - PUBLICATION, DISTRIBUTION, ETC.
Date of publication, distribution, etc. 2008
300 ## - PHYSICAL DESCRIPTION
Extent 360გვ.
300 ## - PHYSICAL DESCRIPTION
Accompanying material საძიებელ.
653 ## - INDEX TERM--UNCONTROLLED
Uncontrolled term ლიტერატურის თეორია
942 ## - ADDED ENTRY ELEMENTS (KOHA)
Koha item type წიგნი
ეგზემპლარები
Withdrawn status Lost status Damaged status Not for loan Date acquired Barcode Date last seen Price effective from Koha item type Public note
        2018-12-17 00238 2018-12-17 2018-12-17 წიგნი ქსეროქსი
        2018-12-17 00239 2018-12-17 2018-12-17 წიგნი ქსეროქსი
        2018-12-17 00240 2018-12-17 2018-12-17 წიგნი ქსეროქსი